Historia de la filosofía política (Registro nro. 6622)
[ vista simple ]
| 000 -ENCABEZADO | |
|---|---|
| Número de control [NR] | 00703nam a2200193Ia 4500 |
| 005 - FECHA Y HORA DE LA ÚLTIMA TRANSACCIÓN | |
| control field | 20211108100511.0 |
| 008 - DE LONGITUD FIJA DE DATOS DE ELEMENTOS - INFORMACIÓN GENERAL | |
| Elementos de longitud fija [NR] | 130821s1969 sp gr spa |
| 040 ## - FUENTE DE CATALOGACION [NR] | |
| Agencia de catalogación original [NR] | Co-BoUCM |
| Idioma de catalogación [NR] | spa |
| Quien Cataloga | [Nuevo] |
| Quien Clasifica | Aldemar Mondragón (modificó) |
| 041 ## - CODIGO DE IDIOMA [R] | |
| Código de idioma para texto/pista de sonido o título separado [R] | Español |
| 100 1# - ASIENTO PRINCIPAL--NOMBRE PERSONAL [NR] | |
| Nombre personal [NR] | Holstein, Günther |
| Fechas asociadas con el nombre [NR] | 1892-1931 |
| ID Autoridad | 62944 |
| 245 ## - MENCION DE TITULO [NR] | |
| Título [NR] | Historia de la filosofía política |
| Mención de responsabilidad, etc. [NR] | Gunther Holstein; traducción por Luis Legaz Lacambre. |
| 250 ## - MENCION DE EDICION [NR] | |
| Mención de edición [NR] | 2a. ed. |
| 260 ## - PUBLICACION, DISTRIBUCION, ETC. (PIE DE IMPRENTA) [R] | |
| Lugar de publicación, distribución, etc. [R] | Madrid (España) |
| Nombre del editor, distribuidor, etc. [R] | Instituto de Estudios Politícos |
| Fecha de publicación, distribución, etc. [R] | 1969 |
| 300 ## - DESCRIPCION FISICA [R] | |
| Extensión [R] | [1 volumen] |
| 650 04 - ASIENTO SECUNDARIO DE MATERIA - TERMINO TEMATICO [R] | |
| Término temático o nombre geográfico como elemento de entrada [NR] | Ciencia política |
| 9 (RLIN) | 340 |
| 650 04 - ASIENTO SECUNDARIO DE MATERIA - TERMINO TEMATICO [R] | |
| Término temático o nombre geográfico como elemento de entrada [NR] | Filosofía política |
| Subdivisión general [R] | Historia |
| 9 (RLIN) | 81977 |
| 942 ## - ELEMENTOS DE ENTRADA AGREGADOS (KOHA) | |
| Tipo de ítem principal el descrito en 300a | Libro |
| Tema principal | Ciencia política |
| Edición | 2 |
| Parte restante de la signatura top. | H757h |
| Sistema de clasificación | DEWEY |
| Clasificación | 320.01 |
| Fecha de último préstamo | Total préstamos | Signatura topográfica | Código de barras | Última vez visto | Volúmen / Fascículo | Ejemplar | Price effective from | Tipo de ítem | Perdido | Sistema de clasificación | Dañado | No prestable | Tipo de ítem específico | Suprimido | Ubicación habitual | Ubicación actual | Localización | Fecha de creación | Forma de adquisición | Costo |
|---|---|---|---|---|---|---|---|---|---|---|---|---|---|---|---|---|---|---|---|---|
| 24/04/2024 | 10 | 320.01 H757h | 100012699 | 09/06/2026 | 2a.Ed. | Ej.1 | 03/02/2013 | Libro | DEWEY | Libro | Claustro | Claustro | 3er piso | 28/02/2003 | Donación | 220.00 |